Wellness ekonomika – budovanie udržateľného podnikateľského prostredia

Wellness ekonomika ako neoddeliteľnej súčasť odvetvia služieb a segmentu cestovného ruchu či turizmu. Úskalia vývoja, trendy do budúcnosti s ohľadom na vytvorenie udržateľného podnikateľského prostredia pre túto formu podnikania. Vymedzenie podstaty a formy wellness, segmenty wellness ekonomiky, výz...

ver descrição completa

Na minha lista:
Detalhes bibliográficos
Autor principal: Dorčáková, Ingrid, 1978-
Outros Autores: Markovič, Peter, 1974-
Formato: Capítulo de Livro
Idioma:eslovaco
Assuntos:
Tags: Adicionar Tag
Sem tags, seja o primeiro a adicionar uma tag!

MARC

LEADER 00000naa$a2200000$$$4500
001 0269607
005 20240502074226.6
041 0 |a slo 
044 |a SK 
245 1 0 |a Wellness ekonomika – budovanie udržateľného podnikateľského prostredia  |c Ingrid Dorčáková, Peter Markovič 
520 |a Wellness ekonomika ako neoddeliteľnej súčasť odvetvia služieb a segmentu cestovného ruchu či turizmu. Úskalia vývoja, trendy do budúcnosti s ohľadom na vytvorenie udržateľného podnikateľského prostredia pre túto formu podnikania. Vymedzenie podstaty a formy wellness, segmenty wellness ekonomiky, významnosť jednotlivých segmentov vo väzbe na ich trhovú kapitalizáciu prostredníctvom štatistických údajov, dynamika vývoja wellness ekonomiky, trendy vývoja jednotlivých foriem wellness, s ohľadom na špecifiká európskeho priestoru. Prípadová štúdia so situačnou správou. 
610 2 0 |a prostredie podnikateľské 
610 2 0 |a prostredie ekonomické 
610 2 0 |a ruch cestovný zdravotný 
610 2 0 |a služby wellnessové 
610 2 0 |a ochrana zdravia 
610 2 0 |a rozvoj trvalo udržateľný 
610 2 0 |a sektory hospodárske 
610 2 0 |a štúdie prípadové 
100 1 |a Dorčáková, Ingrid, 1978- 
700 1 |a Markovič, Peter, 1974-